| 000 -LEADER |
| fixed length control field |
00742nam a22001937a 4500 |
| 005 - DATE AND TIME OF LATEST TRANSACTION |
| control field |
20221107164213.0 |
| 008 - FIXED-LENGTH DATA ELEMENTS--GENERAL INFORMATION |
| fixed length control field |
200728b xxu||||| |||| 00| 0 geo d |
| 020 ## - INTERNATIONAL STANDARD BOOK NUMBER |
| International Standard Book Number |
9789036822473 X |
| 041 ## - LANGUAGE CODE |
| Language code of text/sound track or separate title |
eng |
| 080 ## - UNIVERSAL DECIMAL CLASSIFICATION NUMBER |
| Universal Decimal Classification number |
61 T-37 |
| 100 ## - MAIN ENTRY--PERSONAL NAME |
| Personal name |
ter Wee, Marieke M. |
| 9 (RLIN) |
9069 |
| 245 ## - TITLE STATEMENT |
| Title |
A Quick Guide on How to Conduct Medical Research: |
| Remainder of title |
rom Set-Up to Publication |
| Statement of responsibility, etc. |
Marieke M. ter Wee (Author), Birgit I. Lissenberg-Witte (Author) |
| 264 ## - PRODUCTION, PUBLICATION, DISTRIBUTION, MANUFACTURE, AND COPYRIGHT NOTICE |
| Place of production, publication, distribution, manufacture |
Houten: |
| Name of producer, publisher, distributor, manufacturer |
Bohn Stafleu van Loghum, |
| Date of production, publication, distribution, manufacture, or copyright notice |
2019. |
| 300 ## - PHYSICAL DESCRIPTION |
| Extent |
290 p. |
| Other physical details |
25 cm. |
| 653 ## - INDEX TERM--UNCONTROLLED |
| keyword |
სამედიცინო კვლევების ჩატარება |
| 653 ## - INDEX TERM--UNCONTROLLED |
| keyword |
მედიცინა |
| 700 ## - ADDED ENTRY--PERSONAL NAME |
| Personal name |
Lissenberg-Witte, Birgit I. |
| Relator term |
ავტორი |
| 9 (RLIN) |
9070 |
| 942 ## - ADDED ENTRY ELEMENTS (KOHA) |
| Source of classification or shelving scheme |
|
| Koha item type |
წიგნი |